Tvorba itineráru zájazdu v rámci domáceho cestovného ruchu bakalárska práca

Salvato in:
Dettagli Bibliografici
Autore principale: Janikovics, Ráchel Mária
Ente Autore: Obchodná fakulta EU. Katedra služieb a cestovného ruchu - zrušené
Altri autori: Frasch, Alexander, 1992-
Natura: Libro
Lingua:slovacco
Pubblicazione: Bratislava 2020
Tags: Aggiungi Tag
Nessun Tag, puoi essere il primo ad aggiungerne!!

MARC

LEADER 00000nbm a2200000 4500
001 0266555
005 20201007095410.4
041 0 |a slo 
044 |a SK 
245 1 0 |a Tvorba itineráru zájazdu v rámci domáceho cestovného ruchu  |b bakalárska práca  |c Ráchel Mária Janikovics ; školiteľ: Alexander Frasch 
264 1 |a Bratislava  |c 2020 
300 |a 50 s. 
100 1 |a Janikovics, Ráchel Mária 
700 1 |a Frasch, Alexander, 1992- 
710 2 |a Obchodná fakulta EU. Katedra služieb a cestovného ruchu - zrušené